Материалы по гидрологии, гидрографии и водным силам СССР ... Вып. 9: Расчет и конструкция уравнительных башен (Запись № 13628651)

Подробности
000 -МАРКЕР
контрольное поле 01810nam2a2200253 4500
001 - ИДЕНТИФИКАТОР ЗАПИСИ
контрольное поле rc\2870048
005 - ИДЕНТИФИКАТОР ВЕРСИИ
контрольное поле 20260315070907.0
035 ## - ДРУГИЕ СИСТЕМНЫЕ НОМЕРА
Идентификатор записи (NLR Aleph) 007204286
100 ## - ДАННЫЕ ОБЩЕЙ ОБРАБОТКИ
Данные общей обработки 20110713d1932 u y0rusy50 ca
101 0# - ЯЗЫК РЕСУРСА
Язык текста, звукозаписи и т.д. русский
102 ## - СТРАНА ПУБЛИКАЦИИ ИЛИ ПРОИЗВОДСТВА
Страна публикации Российская Федерация
105 ## - ПОЛЕ КОДИРОВАННЫХ ДАННЫХ: ТЕКСТОВЫЕ МАТЕРИАЛЫ, МОНОГРАФИЧЕСКИЕ
Кодированные данные о монографическом текстовом документе y z |||||
200 1# - ЗАГЛАВИЕ И СВЕДЕНИЯ ОБ ОТВЕТСТВЕННОСТИ
Основное заглавие Расчет и конструкция уравнительных башен
210 ## - ПУБЛИКАЦИЯ, РАСПРОСТРАНЕНИЕ И ДР.
Дата издания, распространения и т.д. 1932
225 1# - СЕРИЯ
Основное заглавие серии Отдел изысканий
Сведения об ответственности ВСНХ-СССР. Глав энергет. упр. (Энергоцентр). Гос. энергостроительный трест "Энергострой". Ленингр. отд-ние
Основное заглавие серии Серия 4. Материалы по проектированию гидроэлектроустановок
461 #0 - УРОВЕНЬ НАБОРА
Встроенное поле 001rc\2870040
-- 2001#$aМатериалы по гидрологии, гидрографии и водным силам СССР ...$eВып. I-36$fПод ред. зав. Ленингр. гидротехн. бюро инж. С.В. Григорьева$gВСНХ-СССР. Глав. электротехн. упр. (Главэлектро). Ленингр. гидротехн. бюро Гос. энергостроительного треста$vВып. 9
Системный номер (АБИС) связанной записи 7648410
Автор "Энергострой", трест (Москва). Ленинградское отделение
Место публикации Ленинград
Дата публикации 1928-1938
Первые сведения об ответственности Под ред. зав. Ленингр. гидротехн. бюро инж. С.В. Григорьева
Имя издателя, распространителя и т.д. Б. и.
Сведения, относящиеся к заглавию Вып. I-36
Заглавие Материалы по гидрологии, гидрографии и водным силам СССР ...
Номер тома Вып. 9
700 #1 - ИМЯ ЛИЦА - ПЕРВИЧНАЯ ОТВЕТСТВЕННОСТЬ
Начальный элемент ввода Лоттер
Часть имени, кроме начального элемента ввода Г.К.
801 #0 - ИСТОЧНИК ЗАПИСИ
Страна Российская Федерация
Организация NLR
Правила каталогизации psbo
801 #1 - ИСТОЧНИК ЗАПИСИ
Страна Российская Федерация
Организация ELAR
Источник данных rusmarc
852 ## - МЕСТОНАХОЖДЕНИЕ И ШИФР ХРАНЕНИЯ
Идентификатор организации NLR
Шифр хранения (Call Number) 30-19/15
852 ## - МЕСТОНАХОЖДЕНИЕ И ШИФР ХРАНЕНИЯ
Идентификатор организации NLR
Шифр хранения (Call Number) Гн10 В-7/15(15)
942 ## - ДОПОЛНИТЕЛЬНЫЕ ЭЛЕМЕНТЫ ЗАПИСИ (АБИС)
Тип экземпляра АБИС Неопределено
980 ## - КОЛЛЕКЦИЯ
Название коллекции Национальная библиография

Нет доступных экземпляров.